[Event "Olomouc op"]
[Site "Olomouc"]
[Date "2001.08.04"]
[Round "3"]
[White "Konrad, Edmund"]
[Black "Johansson, Jan"]
[Result "0-1"]
[WhiteElo "2215"]
[BlackElo "2370"]
[PlyCount "82"]
[EventDate "2001.08.02"]
[EventType "swiss"]
[EventRounds "9"]
[EventCountry "CZE"]
[SourceTitle "EXT 2002"]
[Source "ChessBase"]
[SourceDate "2001.11.25"]
[SourceVersion "1"]
[SourceVersionDate "2001.11.25"]
[SourceQuality "1"]

1. e4 e5 2. Nf3 d6 3. d4 Nf6 4. dxe5 Nxe4 5. Qd5 Nc5 6. Bg5 Qd7 7. exd6 Bxd6 8. Nc3 Nc6 9. 0-0-0 Qg4 10. Nb5 Be6 11. Nxc7+ Bxc7 12. Qxc5 Bb6 13. Qa3 a5 14. Bb5 Qb4 15. Qd3 0-0 16. a3 Qg4 17. h3 Qh5 18. Qd2 f6 19. g4 Qf7 20. Be3 Rfd8 21. Qe2 Bxe3+ 22. fxe3 Re8 23. e4 Qc7 24. Rhe1 Re7 25. Nd4 Ne5 26. Nxe6 Rxe6 27. Rd5 Re7 28. Red1 h6 29. h4 Ng6 30. g5 Nf4 31. Qd2 Nxd5 32. Qxd5+ Kh8 33. gxf6 Qf4+ 34. Kb1 Qxf6 35. Rf1 Qe5 36. Qxe5 Rxe5 37. Bd3 Rae8 38. Rf7 R8e7 39. Rf8+ Kh7 40. Rf4 g5 41. Rg4 Kg6 0-1

[Event "AUT-chT2M 9900"]
[Site "Austria"]
[Date "2001.03.24"]
[Round "10.4"]
[White "Konrad, Edmund"]
[Black "Hager, Franz"]
[Result "1/2-1/2"]
[WhiteElo "2216"]
[BlackElo "2257"]
[PlyCount "59"]
[EventDate "1999.??.??"]
[EventType "team"]
[EventRounds "11"]
[EventCountry "AUT"]
[SourceTitle "EXT 2004"]
[Source "ChessBase"]
[SourceDate "2003.11.25"]
[SourceVersion "1"]
[SourceVersionDate "2003.11.25"]
[SourceQuality "1"]

1. e4 g6 2. d4 d6 3. Nc3 Bg7 4. Nf3 a6 5. Be3 b5 6. Qd2 Bb7 7. 0-0-0 b4 8. Ne2 a5 9. Ng3 Nd7 10. d5 c5 11. dxc6 Bxc6 12. Nd4 Bb7 13. Bb5 Qc7 14. Kb1 Ngf6 15. Bh6 Bxh6 16. Qxh6 0-0-0 17. f3 Kb8 18. Qd2 d5 19. exd5 Nxd5 20. Nc6+ Bxc6 21. Bxc6 N7b6 22. Bxd5 Nxd5 23. Qe2 e6 24. Ne4 Qb6 25. Nd2 Rc8 26. Qe5+ Ka8 27. Rde1 Rhd8 28. Ne4 a4 29. Nf6 Nc3+ 30. Ka1 1/2-1/2

[Event "AUT-chT2M 0001"]
[Site "Austria"]
[Date "2000.11.25"]
[Round "4.5"]
[White "Pirkelbauer, Peter"]
[Black "Konrad, Edmund"]
[Result "0-1"]
[WhiteElo "1974"]
[BlackElo "2216"]
[PlyCount "76"]
[EventDate "2000.??.??"]
[EventType "team"]
[EventRounds "9"]
[EventCountry "AUT"]
[SourceTitle "EXT 2003"]
[Source "ChessBase"]
[SourceDate "2002.11.25"]
[SourceVersion "1"]
[SourceVersionDate "2002.11.25"]
[SourceQuality "1"]

1. d4 Nf6 2. c4 e5 3. dxe5 Ng4 4. Bf4 Nc6 5. Nf3 Bb4+ 6. Nc3 Bxc3+ 7. bxc3 Qe7 8. Qd5 f6 9. exf6 Nxf6 10. Qd3 d6 11. g3 0-0 12. Bg2 Re8 13. Ng5 h6 14. Bd5+ Kf8 15. Nf3 Bf5 16. Qd2 Ne4 17. Bxe4 Qxe4 18. Be3 Ne5 19. Qd4 Nxf3+ 20. exf3 Qxf3 21. Kd2 Re4 22. Qd5 Rae8 23. Rhe1 Be6 24. Qa5 Bxc4 25. Qxc7 Kg8 26. Rad1 d5 27. Kc1 R8e7 28. Qc8+ Kh7 29. Kb2 b5 30. Qc5 a5 31. Rd2 Qf7 32. Red1 b4 33. Rd4 bxc3+ 34. Kxc3 Rxe3+ 35. fxe3 Rxe3+ 36. Kb2 Qf2+ 37. R1d2 Re2 38. Qxa5 Qxd4+ 0-1